| 000 | 00748nam a2200181Ia 4500 | ||
|---|---|---|---|
| 008 | 100920s9999 xx 000 0 und d | ||
| 082 |
_b20262 _a891.461 थ 54 |
||
| 100 | _aपरशुराम बल्लाळ गोडबोले. | ||
| 245 | _aनवनीत अथवा मराठी कवितांचे वेंचे. | ||
| 260 |
_bमुंबई राज्य शासन,मुंबई. _c1957 |
||
| 300 |
_a572 _bसाधी |
||
| 365 | _b0 | ||
| 520 | _aपदय. | ||
| 630 | _aनवनीत अथवा मराठी कवितांचे वेंचे. | ||
| 650 | _aपदय. | ||
| 730 | _aनवनीत अथवा मराठी कवितांचे वेंचे. | ||
| 942 | _cBOOK | ||
| 999 |
_c680933 _d680930 |
||